000 00597nam a2200181 i 4500
001 50481
003 ES-MaACL
005 20230906162204.0
007 t|
008 030805s1971 sp ||||1| spa d
100 1 _aCullen, J. C.
_942141
245 1 0 _aProducción comercial de patatas y su almacenamiento /
_cJ.C. Cullen y A.R. Wilson ; traducido por Guillermo Aparicio Sánchez.
260 _aZaragoza :
_bAcribia,
_c[1971]
300 _a291 p., 5 lám. ;
_c20 cm.
700 1 _aWilson, A. R.
_9117008
700 1 _aAparicio Sánchez, Guillermo.
_922077
852 _aES-MaACL
_jC-44820
_bR.79774
999 _c50481
_d50481